000 00348nam a2200145Ia 4500
008 210716s1991 xx 000 0 und d
041 _aeng
082 _a005.134 SIMA
100 _aSimpson, Alan.
245 _aUnderstanding dbase IV 1.1
250 _a2
260 _aNew Delhi
_bBPB Publications
_c1991
300 _axxxix,967
650 _aNone
999 _c182035
_d182035